000 00869nam a22001337a 4500
040 _cRUA
082 _aVEM MON 2021 B1.602 Or.
100 _aMONG VORLEAK.​ ម៉ុង វល័ក្ខ
245 _aANTIBODY TITER OF PORCINE REPRODUCTIVE AND RESPIRATORY SYNDROME (IGG) IN GILTS AT TANG RNGIENG VILLAGE, MOHA SAING COMMUNE, PHNOM SRUOCH DISTRICT, KAMPONG SPEU PROVINCE. កម្រិតអង់ទីករ (IGG)ជំងឺជ្រូកត្រចៀកខៀវលើមេជ្រូកត្រៀម ក្នុងភូមិតាំងរងៀង ឃុំមហាសាំង ស្រុកភ្នំស្រួច ខេត្តកំពង់ស្ពឺ
260 _aPhnom Penh
_bRUA
_c2021
300 _aX.41P
_bVIII.
_c29CM
856 _uhttps://drive.google.com/file/d/1qepxGxYiE6USwFRk9FWAVddrSgDoM9MG/view?usp=sharing
942 _cVEM
999 _c21670
_d21670